01067mam a2200289 i 450000100060000000300080000600500170001400800410003103500190007203500170009104000510010804100080015908200250016710000330019224501320022525000230035726000550038030000270043549000370046250000710049950400380057065000210060865000260062965000210065570000630067683000380073930552BD-RjUL20211209051559.0140410r19671931enk 001 0 eng d a(BD-RjUL)30638 a(NNC)2087974 aFordham Univ. LibrarycYNGdFDAdBD-RjULbeng aeng a170.9bSIO 1960-19671 aSidgwick, Henry,d1838-1900.10aOutlines of the history of ethics :bfor English readers /cby Henry Sidgwick ; with an additional chapter by Alban G. Widgery. a6th ed. (enlarged) aLondon :bMacmillan,c1931. [Reprinted 1960, 1967] axxvi, 342 p. ;c19 cm.1 aMacmillan's manuals for students aBased on an article contributed to the "Encyclopaedia britannica." aBibliography: p. [338] and Index 0aEthicsxHistory. 0aEthics, Ancient.  0aEthics, Modern. 1 aWidgery, Alban G.q(Alban Gregory),d1887-1968 , jt. auth. 0aMacmillan's manuals for students.